000 00309nam a22001337a 4500
008 170608b xxu||||| |||| 00| 0 eng d
020 _a9781572300484
041 _aeng
080 _a32
100 _a18
101 _aSHP
245 _aPOLITICAL GEOGRAPHY OF UNITED STATES
_cSHELLEY.F.M
942 _2udc
_cBK
999 _c16578
_d16578